000 00947nam a2200241Ia 4500
999 _c42271
_d42271
001 8966
003 GE_BSU
005 20240424162706.0
008 181216s2013||||ru |||||||||||||| ||rus||
020 _a9789666574782
040 _cGE_BSU
041 _arus
080 _a378 CH-51
100 _aChernyshenko, S.V. Lyubchak,V.O. Kyrychenko,K.V.
_921918
245 _aTempus. Integrated university management system :
_bEU Experience on nis Counries' Ground. Analysis of the state of university management information systems in project partner countries /
264 _aSumy:
_bSumy state university,
_c2013.
300 _a168 p.;
_b22 cm.
520 _aტექსტი რუსულ ენაზე
653 _aუნივერსიტეტის მართვის ინტეგრირებული სისტემა
653 _aტემპუსი
653 _aგანათლება
942 _cBK
_2udc